000 00921cam a22003017a 4500
003 CHAP
005 20220329140135.0
008 971013s1930 r 00010 d
010 _a47550
011 _a48522
035 _a52668
040 _cCHAP
090 _aTesis
100 0 0 _aVarela, Alejandro.
_9117945
245 1 3 _aEl tabaco en la región de San Andrés Tuxtla, Ver.
260 _aChapingo, Méx. :
_bEl autor,
_c1930
300 _a54 h.
500 _aReprobado
502 _aTesis (Ing. Agr. Esp. en Industrias Agrícola) -- ENA. Departamento de Industrias Agrícolas
590 _aALEPH
_b10
_c20130110
_lUCH01
_h1317
590 _aBATCH-UPD
_b10
_c20130110
_lUCH01
_h2153
590 _aCONVERSION
_b10
_c20130109
_lUCH01
_h1326
650 1 4 _aTabaco
_xVeracruz.
_9111250
901 _aBK
942 _cFOLL
949 _bBC
_cTES
_d-117201
_eTS1
_i52668
_si
949 _bBC
_cTES
_d-117202
_eTS2
_fc.2
_i52668
_si
999 _c47550
_d47550